00318 2200121 4500001002100000008004100021035002000062245005100082100001400133260002500147084001400172650001000186INLIS000000000001017 ind  a0010-0325001013 aMasyaallah! Inilah 17 Rahasia Sehat Rasulullah aIlmi, Tim bPUSTAKA ARAFAHc2021 a205.ILM.M aAgama